LEADER 01686nam a2200301 4500 001 000000363955 003 CaOOAMICUS 005 20250821124829.0 008 250821s1644 it a 000 u ita r 026 $eerli zoe, o.p- Caco (3) 1644 (R) 040 $aSeMil$bita 100 11$aPalladio, Andrea,$c<1508-1580>.$0(OLS)http://semarc/name/36690 245 13$aLe antichitą' dell'alma cittą di Roma di m. Andrea Palladio. Raccolte brevemente da molti autori antichi, e moderni. Aggiuntovi di nuovo alcune bellissime figure. Con un discorso sopra i fuochi de gl'antichi. 264 1$aIn Roma :$bappresso Vitale Mascardi : ad istanza de gl'heredi di Maurizio Bona all'Insegna del Morion d'oro,$c1644. 300 $a48 p. :$bill. ;$c8° 500 $aSegn.: A-C? 500 $aVignetta xilogr. sul front. 500 $aIniziale e ill. xilogr. infratestuali 700 1 $aBona, Maurizio,$c.$0(OLS)http://semarc/name/122607 700 1 $aMascardi, Vitale,$c.$0(OLS)http://semarc/name/7713 850 $aSeMil 852 $aSeMil$W1$xVenegono$y1$m5E I 5 FA$j260725$B254816$CSeMilBibl$Z2$F254816 $8I 900 11$aAndrea : di Pietro della Gondola. 961 $aRilegato con 5E I 4 FA 996 $6245$aLe antichitą' dell'alma cittą di Roma di m. Andrea Palladio. Raccolte brevemente da molti autori antichi, e moderni. Aggiuntovi di nuovo alcune bellissime figure. Con un discorso sopra i fuochi de gl'antichi$9(OLS)http://semarc/title/455310 996 $6264$aIn Roma :$bappresso Vitale Mascardi : ad istanza de gl'heredi di Maurizio Bona all'Insegna del Morion d'oro$9(OLS)http://semarc/publisher/62503 LEADER 01123nam a2200277 i 4500 001 000000106170 003 CaOOAMICUS 005 20020424000000.0 008 020424s2000 it u000 u ita u 013 $a78364 020 $a88-372-1792-7 040 $aSeMil$bita 100 1 $aMoreschini, Claudio,$d<1938- >.$0(OLS)http://semarc/name/4 245 10$aStoria dell'ermetismo cristiano /$cClaudio Moreschini. 260 $aBrescia :$bMorcelliana,$c2000. 300 $a408 p. ;$c23 cm. 490 0 $aLetteratura cristiana antica 650 4$aErmetismo - Storia.$0(OLS)http://semarc/subject/15200 650 4$aCristianesimo e ermetismo.$0(OLS)http://semarc/subject/18468 830 0$aLetteratura cristiana antica.$0(OLS)http://semarc/title/8308 850 $aSeMil 852 $aSeMil$W1$xVenegono$y1$m2TA C 6$j228346$B62322$CSeMilBibl$Z2$F71540 $81 961 $aAcquisto: Mescat 996 $6020$a88-372-1792-7$9(OLS)http://semarc/number/86652 996 $6245$aStoria dell'ermetismo cristiano$9(OLS)http://semarc/title/153891 996 $6260$aBrescia :$bMorcelliana$9(OLS)http://semarc/publisher/29629